00485 a2200193 4500260001700000630001800017037001300035650003900048100002000087260001500107245008900122300001200211650001400223260000900237300000900246100000700255037001100262020001800273 aVilleurbanne a57 - Biologie b1, Achat a5 - SCIENCES EXACTES ET NATURELLES aLouisot, Pierre bSimep S.A. aBiochimie générale et médicale : structurale, métabolique, séméiologique a1008 p. aBiochimie c1983 b28cm lFr aS 3196 a2.85334.216.6